Salvation from start to finish (Record no. 7629)

MARC details
000 -LEADER
fixed length control field 00404nam a22001697a 4500
003 - CONTROL NUMBER IDENTIFIER
control field GBCCL
005 - DATE AND TIME OF LATEST TRANSACTION
control field 20241126110632.0
008 - FIXED-LENGTH DATA ELEMENTS--GENERAL INFORMATION
fixed length control field 180905b ||||| |||| 00| 0 eng d
040 ## - CATALOGING SOURCE
Transcribing agency gbc
082 ## - DEWEY DECIMAL CLASSIFICATION NUMBER
Classification number 234
Item number GRA
100 ## - MAIN ENTRY--PERSONAL NAME
Personal name Gray, James M.
9 (RLIN) 13448
245 ## - TITLE STATEMENT
Title Salvation from start to finish
260 ## - PUBLICATION, DISTRIBUTION, ETC.
Date of publication, distribution, etc. ?
Place of publication, distribution, etc. Chicago:
Name of publisher, distributor, etc. Moody press,
300 ## - PHYSICAL DESCRIPTION
Extent 128p. ;
650 ## - SUBJECT ADDED ENTRY--TOPICAL TERM
Topical term or geographic name entry element Salvation
9 (RLIN) 452
942 ## - ADDED ENTRY ELEMENTS (KOHA)
Source of classification or shelving scheme Dewey Decimal Classification
Koha item type Books
Holdings
Withdrawn status Lost status Source of classification or shelving scheme Damaged status Not for loan Home library Current Library Shelving location Date acquired Total checkouts Full call number Barcode Date last seen Copy number Price effective from Koha item type
    Dewey Decimal Classification     GRACE BIBLE COLLEGE GRACE BIBLE COLLEGE Theology 2018-09-05   234 GRA 003444 2025-05-01 c.1 2018-09-05 Books
© Grace Bible College Library 2025